Statystyki dla Youtuberzy z milionem po nazwiskach

Kliknij tutaj aby rozwiązać quiz!

Ogólne statystyki

  • Ten quiz został rozwiązany 1 034 razy
    (588 od ostatniego zresetowania)
  • Średni wynik to 34 z 101

Statystyki odpowiedzi

NazwiskoOdpowiedź% Poprawnych
Karol WiśniewskiFriz
98%
Stuart BurtonStuu
97%
Remigiusz WierzgońreZigiusz
95%
Sylwester WardęgaSA Wardęga
94%
Karol GązwaBlowek
90%
Robert Pasut, Cezary Jóźwik, Rafał MasnyAbstrachujetv
85%
Marek KruszelKruszwil
81%
Weronika SowaWERSOW
77%
Adam ZimmermannNaruciak
74%
Tomasz DziałowyTomasz’Gimper’Działowy
70%
Marcin DubielMarcin Dubiel
69%
Mateusz TrąbkaTROMBA
69%
Szymon KasprzykIsAmU
66%
Jan DąbrowskiJDabrowsky
59%
Sergiusz GórskiTheNitroZyniak
58%
Dominik ŁupickiDominik Łupicki
57%
Adrianna Krysian , Nadia DługoszBeksy
56%
Michał BaronBoxdel
56%
Piotr SkowyrskiIzak live
54%
Łukasz SamońMandzio
54%
Adam ZimmermannBoruciak
52%
Pamela Stefanowicz, Mateusz JanuszFIT LOVERS
52%
Mateusz KrzyżanowskiMINI MAJK
52%
Karol DąbrowskiKarolek
50%
Martin StankiewiczMartin Stankiewicz
49%
Agnieszka GrzelakAgnieszka Grzelak vlog
48%
Marek KruszelDisco Marek
48%
Dawid FrankDawid Frank
47%
Remigiusz MaciaszekRemigiusz Maciaszek
47%
Paulina Soboń | Przemek BurkackiWAKSY
47%
Jacek MakarewiczPlaneta Faktów
44%
Patryk RojewskiROJSON
44%
Marcin MalczyńskiMarcin Malczyński
41%
Krzysztof GolonkaTrenuj z Krzychem
41%
Mikołaj MagdziarzMixer
40%
Dezydery SkowronDezy
39%
Michał RychlikMulti
38%
Adam WiejakPoszukiwacz
36%
Zuzanna BoruckaZuzanna Borucka
36%
Agnieszka GrzelakAgnieszka Grzelak beauty
35%
Adrian SalomonMedusa Official
35%
Maciej DąbrowskiZ Dvpy
35%
NieznaneKamerzysta
34%
Daniel PawlakDeeJayPallaside
33%
Florian Skowronskkf
31%
Marek HoffmanAdBuster
30%
Antek | SzwagiersmiechawaTV
30%
Adam Szymczak | Piotrek Prus | Wojtek PrzeździeckiWiP Bros
30%
Dominika Rozbicka | Grzegorz Barański | Vin Milton | Wiktor MrozikPonki
28%
Ewa GrzelakowskaRed Lipstick Monster
25%
Maciej FrączykNiekryty Krytyk
24%
Artur Olszewski | Marcin Radziwoń | Przemysław Śliwiński | +2 others5 sposobów na...
22%
Paweł SmektalskiTHEUNBOXALL
22%
Kamil KalińskiKaluch
21%
Karolina Pielesiak | Natalia SzymaniecSzparagi
21%
Bartek KwaśniewskiVertez
19%
Karol Kuterdealereq
15%
Wojciech DrewniakHistoria Bez Cenzury
14%
Stuart BurtonStuu Burton
13%
nieznaneCyber Marian
12%
Robert PasutNIEPRZYGOTOWANI:Nowe Pokolenie
12%
Wojtek TomalkaWOJAN
12%
Przemysław WoźnicaDizowskyy
11%
nieznaneVito Minecraft
10%
Adam Wawrzyński(Fanggotten) | Grzegorz Bobrek | Jordan Dębowski | +4 othersTVGRYpl
9%
Michał BaraniakRoxMb
8%
AdriannaTrue Beauty
8%
Hubert WydraDoknes
7%
Artur FilipowiczTopowa Dycha
7%
Piotr ZającZajcu37
7%
Karol (nie podaje nazwiska)Sitr0x
6%
Paulina PerczyńśkaGramPaula
5%
nieznaneMagdalenaMariaMonika
5%
Mateusz M.Mateusz M
5%
Pavel Radaev i Marat Mukhametov5-minutowe sztuczki
4%
Krystian BończykGilathissNew
3%
Piotr Koryckitvnpl
3%
nieznaneGplay:Minecraft jest nasz
2%
Pavel Radaev i Marat MukhametovJasna strona
2%
Dawid Antonkiewicz | Maciej PiotrowskiLETNI
2%
Piotr MarczakNOLIF
1%
Piotr KoryckiTVN Series
1%

Rozkład punktacji

Percentyl według liczby udzielonych odpowiedzi

Procent ludzi z każdym wynikiem

Twoja historia wyników

Nie rozwiązałeś tego quizu od ostatniego zresetowania